ELEMENTS OF MANAGEMENT CONTROL SYSTEM (Record no. 288424)

MARC details
000 -LEADER
fixed length control field 00335pam a2200133a 44500
008 - FIXED-LENGTH DATA ELEMENTS--GENERAL INFORMATION
fixed length control field 230405s xxu||||| |||| 00| 0 eng d
041 ## - LANGUAGE CODE
Language code of text/sound track or separate title ENG
100 ## - MAIN ENTRY--PERSONAL NAME
Personal name M.K.RAMPAL
245 ## - TITLE STATEMENT
Title ELEMENTS OF MANAGEMENT CONTROL SYSTEM
Remainder of title B.B.A.-IISEM-V
260 ## - PUBLICATION, DISTRIBUTION, ETC.
Place of publication, distribution, etc. Pune
Name of publisher, distributor, etc. VIKAS PUBLISHING HOUSE
Date of publication, distribution, etc.
300 ## - PHYSICAL DESCRIPTION
Extent 120
690 ## - LOCAL SUBJECT ADDED ENTRY--TOPICAL TERM (OCLC, RLIN)
Topical term or geographic name as entry element DONETED
906 ## - LOCAL DATA ELEMENT F, LDF (RLIN)
a 7613
Holdings
Withdrawn status Lost status Damaged status Not for loan Collection Home library Current library Date acquired Total Checkouts Full call number Barcode Date last seen Price effective from Koha item type
          Yashwantrao Mohite Institute of Management, Karad Yashwantrao Mohite Institute of Management, Karad 18/03/2019   658 YMK-D01489 17/04/2023 17/04/2023 Book
          Yashwantrao Mohite Institute of Management, Karad Yashwantrao Mohite Institute of Management, Karad 18/03/2019   658 YMK-D01488 17/04/2023 17/04/2023 Book
          Yashwantrao Mohite Institute of Management, Karad Yashwantrao Mohite Institute of Management, Karad 18/03/2019   658 YMK-D01487 17/04/2023 17/04/2023 Book